Statistics for Ed Sheeran- Lyrics to Thinking Out Loud

Click here to take the quiz!

General Stats

  • This quiz has been taken 4,426 times
  • The average score is 233 of 311

Answer Stats

HintAnswer% Correct
a
98%
i
97%
you
97%
the
95%
your
94%
love
94%
be
94%
to
93%
we
92%
my
92%
of
91%
and
91%
when
90%
When
90%
dont
88%
don't
88%
like
87%
baby
87%
used
86%
thinking
86%
before
85%
will
85%
they
85%
in
85%
lovin
85%
me
84%
legs
84%
heart
84%
work
83%
cant
82%
out
81%
still
81%
loud
79%
are
78%
fall
78%
feet
78%
remember
78%
way
78%
darling
77%
we're
77%
hand
76%
smile
76%
sweep
75%
taste
75%
off
75%
where
74%
found
74%
maybe
74%
till
74%
right
73%
eyes
73%
i'm
71%
70
71%
im
71%
people
71%
mouth
70%
arm
69%
just
69%
mysterious
69%
kiss
68%
stars
68%
ways
68%
under
68%
from
68%
loving
67%
take
67%
now
67%
cheek
67%
so
67%
thousand
67%
on
66%
light
66%
day
65%
into
65%
every
64%
with
64%
single
63%
touch
63%
23
63%
honey
61%
at
61%
beating
61%
same
59%
want
58%
how
58%
tell
58%
as
57%
am
57%
it's
57%
place
56%
hard
56%
head
55%
'bout
54%
could
53%
hands
52%
memory
52%
name
49%
all
47%
but
47%
play
46%
know
46%
evergreen
46%
strings
45%
old
44%
arms
44%
that
44%
oh
44%
part
43%
grow
43%
plan
43%
mind
43%
never
42%
crowds
42%
fades
42%
soul
42%
forever
38%
keep
37%
'cause
37%
mistakes
35%
making
34%
well
34%
gone
33%
hoping
32%
understand
32%
i'll
29%
hair's
27%
smile's
22%

Score Distribution

Percentile by Number Answered

Percent of People with Each Score

Your Score History

You have not taken this quiz